Aula revue pro vysokoškolskou a vědní politiku

Uložené v:
Podrobná bibliografia
Médium: Seriál
Jazyk:Czech
Vydavateľské údaje: Praha Centrum pro studium vysokého školství ČR 2011
Predmet:
Tagy: Pridať tag
Žiadne tagy, Buďte prvý, kto otaguje tento záznam!

MARC

LEADER 00000nas2a2200000 4500
001 0211908
005 20160203110127.9
022 |a 1210-6658 
041 0 |a cze 
044 |a CZ 
245 1 0 |a Aula  |b revue pro vysokoškolskou a vědní politiku 
264 1 |a Praha  |b Centrum pro studium vysokého školství ČR  |c 2011 
773 0 |w eu_un_cat*s120547 
610 2 0 |a školy vysoké 
610 2 0 |a politika školská 
610 2 0 |a politika vedecká